000 01190nam a2200325 i 4500
003 EG-GICUC
005 20260416145701.0
008 260416s1947 fr fr|||| 00| 0 fre d
040 _aEG-GiCUC
_bfre
_cEG-GiCUC
_dEG-GiCUC
_eRda
041 0 _afre
082 0 4 _221
_a343.8
_bLY.T
092 0 4 _221
099 _aLAW1 10 343.8 2 ed - LY.T 1947
100 1 _aLouis Lambert
_eAuteur
245 1 0 _aTraite Théorique Et Pratique De Police Judiciaire :
_bÀ L'usage Des Commissaires De Police Ainsi Que Des Procureurs De La République Des Juges D'instruction Et Des Autres Officiers De Police Judiciaire /
_cLouis Lambert.
250 _aDeuxième Édition
264 _aLyon :
_bJoannès Desvigne & C Editeurs,
_c1947.
300 _a826 page :
_c 24 cm.
336 _2rda contenu
_a texte
337 _2rda medias
_aOrdinateur
338 _2 transporteur rda
_a Ressource en ligne
504 _aComprend des références bibliographiques.
546 _aTexte en français
650 1 4 _aDroit pénal
_2qrmak
650 1 4 _apolitique criminelle
651 1 _2qrmak
856 4 0 _uhttps://fll.law.cu.edu.eg/fulltext/bks/B10-08915.pdf
905 _a171
942 _2ddc
_cBK
_e21
_n0
999 _c71502
_d71502